Normal view
MARC view
Entry Personal Name
001 - CONTROL NUMBER
- control field: 37851
003 - CONTROL NUMBER IDENTIFIER
- control field: OSt
005 - DATE AND TIME OF LATEST TRANSACTION
- control field: 20220518162348.0
008 - FIXED-LENGTH DATA ELEMENTS
- fixed length control field: 220518|| aca||aabn | a|a d
040 ## - CATALOGING SOURCE
- Original cataloging agency: OSt
- Transcribing agency: OSt
100 ## - HEADING--PERSONAL NAME
- Personal name: GAGAN (M)
670 ## - SOURCE DATA FOUND
- Source citation: Work cat.: (OSt): Sajith Kumar 37845, Truemans specific series NTA UGC-NET/SET:, 2023